| 000 | 00600nam a2200241Ia 4500 | ||
|---|---|---|---|
| 003 | OSt | ||
| 005 | 20220924152841.0 | ||
| 006 | a|||||r|||| 00| 0 | ||
| 007 | ta | ||
| 008 | 220923b |||||||| |||| 00| 0 ara d | ||
| 024 | _a345237 | ||
| 037 | _cTextual | ||
| 040 |
_aARTS _cARTS _bara |
||
| 041 |
_2ara _aara |
||
| 082 | _aV467, 28B2 | ||
| 100 |
_aUfnadi Ibrahim Au. _9227655 |
||
| 245 | 0 | _aKitab misbah-al-sari | |
| 260 | _c1882 | ||
| 300 |
_a286p. _ccm. |
||
| 650 | _aIRAQ - HISTORY | ||
| 942 |
_hV467, 28B2 _cTEXL _2CC |
||
| 999 |
_c471273 _d471273 |
||